| 000 | 00614nam a22002057a 4500 | ||
|---|---|---|---|
| 003 | OSt | ||
| 020 | _a9788184873979 | ||
| 082 |
_a658.005 _bANU/IN |
||
| 100 | _aAnuj Kumar | ||
| 245 |
_aIndustrial management: _ban introduction |
||
| 260 |
_aNew Delhi _bNarosa publishing house _c2016 |
||
| 300 | _axvii, 13.21p. | ||
| 546 | _aEnglish | ||
| 650 | _aIntroduction to industrial engineering and industrial management | ||
| 650 | _aProductivity and productivity measurement | ||
| 650 | _aIndustrial ownership | ||
| 650 | _aManagement tools | ||
| 650 | _aManagement of supply chain | ||
| 942 |
_2ddc _cBK |
||
| 999 |
_c156952 _d156952 |
||